La Medición de la pobreza en América Latina /

La pobreza en América Latina es uno de los problemas más acuciantes que presenta esta región. Según estimaciones recientes, se calcula que alrededor del 47 por ciento de la población regional se encuentra en esa situación. En este trabajo se estudian los métodos de la línea de la pobreza y de las ne...

Descripció completa

Guardat en:
Dades bibliogràfiques
Autor principal: Boltvinik, Julio
Format: Text
Matèries:
Etiquetes: Afegir etiqueta
Sense etiquetes, Sigues el primer a etiquetar aquest registre!

MARC

LEADER 00000 a a2200000 04500
001 3338
003
040
100 |a Boltvinik, Julio  
245 |a La Medición de la pobreza en América Latina /  |c Julio Boltvinik 
520 |a La pobreza en América Latina es uno de los problemas más acuciantes que presenta esta región. Según estimaciones recientes, se calcula que alrededor del 47 por ciento de la población regional se encuentra en esa situación. En este trabajo se estudian los métodos de la línea de la pobreza y de las necesidades básicas insatisfechas, se hace explícito su contenido conceptual y se ilustran sus diferencias con resultados de mediciones realizadas en Argentina, Perú y Uruguay. Se concluye que ambos métodos son complementario s, pues un hogar para satisfacer las necesidades de sus integrantes, requiere de: un ingreso corriente, para aquellos bienes y servicios que normalmente se atienden con el consumo privado corriente, derechos de acceso a servicios gubernamentales, propiedad (o derecho de uso) de activos que proporcionen servicios de consumo básico, por ejemplo vivienda, tiempo disponible para la educación, el descanso, la recreación y el trabajo del hogar, o en último caso, ingreso adicional para pagar los servicios domésticos. Por último, los hogares con activos que no proporcionan servicios de consumo básico pueden hacer frente a sus necesidades básicamente el desahorro. HB/MR  
650 |a POBREZA  
650 |a EMPOBRECIMIENTO  
650 |a PROBLEMAS SOCIALES  
650 |a NECESIDADES BASICAS  
773 |g volumen 41, número 5; páginas 423-428  
999 |c 25531  |d 25531 
773 0 |0 18962  |9 4945  |a Banco Nacional de Comercio Exterior.  |d México, D.F Banco Nacional de Comercio Exterior. Departamento de Publicaciones  |o MFN: 1482  |t Comercio Exterior :